ბათუმის შოთა რუსთაველის სახელმწიფო უნივერსიტეტის ბიბლიოთეკა

Race for the Exits: (ბიბ.ჩანაწერი № 63992)

000 -LEADER
fixed length control field 00683nam a2200181 4500
003 - CONTROL NUMBER IDENTIFIER
control field Ge_BSU
005 - DATE AND TIME OF LATEST TRANSACTION
control field 20260305112939.0
008 - FIXED-LENGTH DATA ELEMENTS--GENERAL INFORMATION
fixed length control field 260305s2006 enk||||| |||| 00| 0 eng d
020 ## - INTERNATIONAL STANDARD BOOK NUMBER
International Standard Book Number 9780801444333x
041 ## - LANGUAGE CODE
Language code of text/sound track or separate title eng
080 ## - UNIVERSAL DECIMAL CLASSIFICATION NUMBER
Universal Decimal Classification number 364:351.862.6:338.1:316.334.3(520) S-31
100 ## - MAIN ENTRY--PERSONAL NAME
Personal name Schoppa, Leonard J.
9 (RLIN) 27055
245 ## - TITLE STATEMENT
Title Race for the Exits:
Remainder of title The Unraveling of Japan's System of Social Protection /
Statement of responsibility, etc. Leonard J. Schoppa.
264 ## - PRODUCTION, PUBLICATION, DISTRIBUTION, MANUFACTURE, AND COPYRIGHT NOTICE
Place of production, publication, distribution, manufacture London :
Name of producer, publisher, distributor, manufacturer Cornell University Press,
Date of production, publication, distribution, manufacture, or copyright notice 2006.
300 ## - PHYSICAL DESCRIPTION
Extent 248 p.;
Other physical details 24 cm.
653 ## - INDEX TERM--UNCONTROLLED
keyword იაპონიის სოციალური დაცვის სისტემის ნგრევა
942 ## - ADDED ENTRY ELEMENTS (KOHA)
Source of classification or shelving scheme
Koha item type წიგნი
ეგზემპლარები
Withdrawn status Lost status Source of classification or shelving scheme Damaged status Not for loan Permanent Location Current Location Shelving location Date acquired Cost, normal purchase price Full call number Barcode Date last seen Copy number Uniform Resource Identifier Price effective from Koha item type Public note
          ბათუმის შოთა რუსთაველის სახელმწიფო უნივერსიტეტის მთავარი ბიბლიოთეკა ბათუმის შოთა რუსთაველის სახელმწიფო უნივერსიტეტის მთავარი ბიბლიოთეკა წიგნსაცავი 2026-03-05 17.00 364:351.862.6:338.1:316.334.3(520) S-31 73867 2026-03-05 73867 იაპონიის ელჩის საჩუქარი 2026-03-05 წიგნი 17 ლ.